[Event "XXIV Open"]
[Site "Cappelle La Grande FRA"]
[Date "2008.02.20"]
[Round "6"]
[White "Chetverik,M"]
[Black "Tomczak,J"]
[Result "1/2-1/2"]
[WhiteElo "2322"]
[BlackElo "2433"]
[EventDate "2008.02.16"]

1. d4 d5 2. Nf3 Nf6 3. c4 dxc4 4. Nc3 a6 5. e4 b5 6. e5 Nd5 7. a4 e6 8.
axb5 Nb6 9. Be3 axb5 10. Rxa8 Nxa8 11. Nxb5 Nb6 12. Be2 Ba6 13. Nc3 Be7 14.
O-O Nc6 15. Qc2 O-O 16. Qe4 Qd7 17. Qg4 Kh8 18. Rd1 Nb4 19. Bg5 N6d5 20.
Bxe7 Qxe7 21. Ne4 Ra8 22. Nfd2 Nd3 23. Bxd3 cxd3 24. Nb1 Nb4 25. Nc5 Qd8
26. Qf3 Kg8 27. Nc3 c6 28. Qe4 Bc4 29. b3 Bd5 30. Qg4 Ra3 31. N3e4 Bxe4 32.
Qxe4 1/2-1/2

[Event "XXIV Open"]
[Site "Cappelle La Grande FRA"]
[Date "2008.02.20"]
[Round "6"]
[White "Sher,M"]
[Black "Hartikainen,M"]
[Result "0-1"]
[WhiteElo "2420"]
[BlackElo "2304"]
[EventDate "2008.02.16"]

1. c4 e5 2. g3 Nf6 3. Bg2 Bc5 4. Nc3 O-O 5. e3 Re8 6. Nge2 d6 7. O-O c6 8.
h3 Bf5 9. d4 Bb6 10. b4 Nbd7 11. a4 a6 12. Ba3 exd4 13. Nxd4 Bg6 14. b5
axb5 15. cxb5 c5 16. Nde2 Qb8 17. Nf4 Ba5 18. Ncd5 Be4 19. Bb2 Nxd5 20.
Nxd5 Bxg2 21. Kxg2 Ne5 22. Rc1 Qc8 23. f4 Ng6 24. f5 Ne5 25. f6 Bd8 26.
fxg7 Qe6 27. Bxe5 Qxe5 28. Rc4 Re6 29. Qd3 Rg6 30. Rf3 Qb2+ 31. Rf2 Qxg7
32. e4 Bh4 33. Rf3 Qb2+ 34. Kh1 Bg5 35. h4 Bd8 36. Ne3 Qa1+ 37. Rf1 Qa2 38.
Rf3 Rxa4 39. Rxa4 Qxa4 40. Qd5 Qa1+ 41. Kh2 Bxh4 42. Qxf7+ Kh8 43. Nf5 Bf6
44. Qxb7 Bd4 0-1

[Event "XXIV Open"]
[Site "Cappelle La Grande FRA"]
[Date "2008.02.20"]
[Round "6"]
[White "Spaens,K"]
[Black "Bacon,N"]
[Result "1-0"]
[WhiteElo "1917"]
[BlackElo "2270"]
[EventDate "2008.02.16"]

1. d4 Nf6 2. Nf3 g6 3. c4 Bg7 4. Nc3 d6 5. g3 O-O 6. Bg2 Nc6 7. O-O a6 8.
Bg5 Rb8 9. Qd2 b5 10. cxb5 axb5 11. Bxf6 exf6 12. Rfc1 Bd7 13. Nd5 f5 14.
e3 Rc8 15. Rc2 Ne7 16. Nxe7+ Qxe7 17. d5 c5 18. dxc6 Rxc6 19. Rxc6 Bxc6 20.
Rc1 Qb7 21. Ne1 Bxg2 22. Nxg2 Ra8 23. a3 Qe4 24. Nf4 h5 25. Rc2 Rd8 26. Qd3
Qf3 27. Qd5 Qxd5 28. Nxd5 Kf8 29. Kf1 Ke8 30. Ke2 Kf8 31. Kd2 h4 32. gxh4
Ra8 33. Kc1 Kg8 34. h5 Ra4 35. hxg6 fxg6 36. f4 Bf8 37. Rc8 Kf7 38. Rb8
Rc4+ 39. Kd2 Rc5 40. Nc3 Bg7 41. Rb7+ Kg8 42. Kd3 Bxc3 43. bxc3 Rd5+ 44.
Kc2 Kf8 45. Rd7 Kg8 46. h4 Kf8 47. Kb3 Rd1 48. Rb7 Rb1+ 49. Kc2 Re1 50.
Rxb5 Rxe3 51. a4 Re1 52. a5 Ra1 53. Kb3 Ke7 54. Kb4 Kd7 55. Rb8 Kc6 56. Rg8
Rb1+ 57. Ka4 Rd1 58. Rxg6 Kc5 59. h5 Ra1+ 60. Kb3 Rxa5 61. Rf6 Rb5+ 62. Kc2
Kc4 63. Rxd6 Ra5 64. Rd4+ Kc5 65. Rd8 Ra2+ 66. Kd3 Rh2 67. Rh8 Rh3+ 68. Kc2
Rh4 69. h6 Kb6 70. h7 Kb7 71. Kd3 Ka7 72. c4 Kb7 73. Kc3 Ka7 74. Kb4 Kb7
75. Kc5 Rh6 76. Kd5 1-0

[Event "XXIV Open"]
[Site "Cappelle La Grande FRA"]
[Date "2008.02.21"]
[Round "7"]
[White "Miroshnichenko,E"]
[Black "Abbasov,F"]
[Result "1-0"]
[WhiteElo "2647"]
[BlackElo "2519"]
[EventDate "2008.02.16"]

1. d4 d5 2. Nf3 c6 3. c4 Nf6 4. Nc3 e6 5. Bg5 Nbd7 6. e3 Qa5 7. Nd2 Bb4 8.
Qc2 O-O 9. a3 b6 10. Rc1 Bxc3 11. Qxc3 Qxc3 12. Rxc3 dxc4 13. Bxc4 Bb7 14.
f3 h6 15. Bh4 Nd5 16. Rb3 g5 17. Bf2 Rad8 18. e4 Nf4 19. g3 Ng6 20. h4 e5
21. hxg5 hxg5 22. Rh5 g4 23. f4 exd4 24. Bxd4 c5 25. Rh6 cxd4 26. Rxg6+ Kh7
27. Rxg4 Nc5 28. Rf3 f5 29. Rg5 fxe4 30. Rf2 Rd6 31. b4 Nd3+ 32. Bxd3 exd3
33. Rh2+ Rh6 34. Rxh6+ Kxh6 35. Nb3 Rd8 36. Kd2 Be4 37. Re5 Bh7 38. g4 Rd7
39. Re6+ Kg7 40. f5 Bg8 41. Rg6+ Kh7 42. Nc1 Bc4 43. Rc6 b5 44. g5 Rd5 45.
Rc5 Rd8 46. Nxd3 Re8 47. Ne5 Re7 48. Rc6 1-0

[Event "XXIV Open"]
[Site "Cappelle La Grande FRA"]
[Date "2008.02.21"]
[Round "7"]
[White "Moiseenko,A1"]
[Black "Szelag,M"]
[Result "1-0"]
[WhiteElo "2643"]
[BlackElo "2484"]
[EventDate "2008.02.16"]

1. d4 Nf6 2. c4 g6 3. Nc3 Bg7 4. e4 d6 5. Bd3 O-O 6. Nge2 Nc6 7. O-O e5 8.
d5 Nd4 9. Nxd4 exd4 10. Ne2 Re8 11. f3 c5 12. Bg5 Bd7 13. Qd2 Rb8 14. Ng3
b5 15. b3 bxc4 16. bxc4 Ba4 17. f4 h6 18. Bxf6 Bxf6 19. e5 dxe5 20. Ne4 Rc8
21. f5 Bg5 22. Qe2 Bd7 23. f6 Be3+ 24. Kh1 Bf5 25. Rxf5 gxf5 26. Rf1 Kh8
27. Rxf5 Rg8 28. Rxe5 Rg6 29. d6 Qb6 30. g3 Rd8 31. Qf3 Qa5 32. Nxc5 Qe1+
33. Kg2 Rdg8 34. Bxg6 Rxg6 35. d7 Rg8 36. Re8 Qd2+ 37. Kh3 1-0

[Event "XXIV Open"]
[Site "Cappelle La Grande FRA"]
[Date "2008.02.21"]
[Round "7"]
[White "Kanep,M"]
[Black "Vitiugov,N"]
[Result "0-1"]
[WhiteElo "2523"]
[BlackElo "2609"]
[EventDate "2008.02.16"]

1. d4 Nf6 2. c4 e6 3. Nf3 d5 4. g3 Bb4+ 5. Bd2 Be7 6. Bg2 O-O 7. O-O c6 8.
Qc2 Nbd7 9. Bf4 b6 10. Rd1 Ba6 11. b3 Rc8 12. Nc3 h6 13. e4 dxc4 14. Nd2 b5
15. bxc4 bxc4 16. Na4 c5 17. d5 exd5 18. exd5 Nh5 19. Be3 Bf6 20. Nc3 Bd4
21. Nf1 Qf6 22. Ne4 Qe5 23. f4 Qc7 24. Bxd4 cxd4 25. Rxd4 Nhf6 26. Nxf6+
Nxf6 27. Qc3 Ne8 28. Kh1 Nd6 29. a4 Rb8 30. Nd2 Rfc8 31. Rc1 Qd8 32. h3 Nf5
33. Re4 Rb3 34. Qe5 Nxg3+ 35. Kh2 Nxe4 36. Nxb3 Nf2 0-1

[Event "XXIV Open"]
[Site "Cappelle La Grande FRA"]
[Date "2008.02.21"]
[Round "7"]
[White "Renet,O"]
[Black "Kazhgaleyev,M"]
[Result "1/2-1/2"]
[WhiteElo "2513"]
[BlackElo "2594"]
[EventDate "2008.02.16"]

1. e4 e5 2. Nf3 d6 3. d4 exd4 4. Qxd4 a6 5. Bf4 Nc6 6. Qd2 Nf6 7. Nc3 Be7
8. O-O-O O-O 9. e5 dxe5 10. Qxd8 Rxd8 11. Rxd8+ Nxd8 12. Bxe5 Ne6 13. Bc4
b5 14. Nd5 Nxd5 15. Bxd5 Ra7 16. Re1 Bb7 17. Bxb7 Rxb7 18. Nd4 Nxd4 19.
Bxd4 c5 20. Be3 f6 21. Re2 Kf7 22. c4 Bd6 23. Rc2 Rc7 24. g3 Ke6 25. Kd2 h5
26. h3 Kf5 27. Ke2 g5 28. Rd2 Ke6 29. Rc2 Kf5 30. Rd2 Ke6 31. Rc2 Ke5
1/2-1/2

[Event "XXIV Open"]
[Site "Cappelle La Grande FRA"]
[Date "2008.02.21"]
[Round "7"]
[White "Papp,Ga"]
[Black "Gulko,B"]
[Result "1/2-1/2"]
[WhiteElo "2484"]
[BlackElo "2550"]
[EventDate "2008.02.16"]

1. e4 c5 2. Nf3 d6 3. d4 cxd4 4. Nxd4 Nf6 5. Nc3 Nc6 6. Bg5 e6 7. Qd2 Be7
8. O-O-O O-O 9. f4 h6 10. Bh4 Nxd4 11. Qxd4 Qa5 12. Bc4 e5 13. fxe5 dxe5
14. Qd3 Bg4 15. Rdf1 Rac8 16. Bxf6 Bxf6 17. Rxf6 gxf6 18. Nd5 Qc5 19. Bb3
Qf2 20. Ne7+ Kg7 21. Nxc8 Qxg2 22. Qf1 Qxf1+ 23. Rxf1 Bxc8 24. Bd5 f5 25.
exf5 Kf6 26. c4 Rg8 27. Kd2 Rg4 28. Ke3 Rh4 29. Rf2 b6 30. b4 Rh5 31. c5
bxc5 32. bxc5 Rxf5 33. Rb2 Rh5 34. Rf2+ Rf5 35. Rb2 Be6 36. Bxe6 Kxe6 37.
c6 Rh5 38. Kd3 Kd6 39. Rb7 f5 40. c7 Kd7 41. Rxa7 Rxh2 42. Ra5 e4+ 43. Kd4
Rd2+ 44. Ke5 Rf2 45. Rc5 Kc8 46. Kd6 Rd2+ 47. Kc6 f4 48. Rf5 Rc2+ 49. Kd5
e3 50. Rxf4 h5 51. Re4 e2 52. Kd6 Rxc7 53. Rxe2 1/2-1/2

[Event "XXIV Open"]
[Site "Cappelle La Grande FRA"]
[Date "2008.02.21"]
[Round "7"]
[White "Li Shilong"]
[Black "Cyborowski,L"]
[Result "1/2-1/2"]
[WhiteElo "2502"]
[BlackElo "2543"]
[EventDate "2008.02.16"]

1. d4 d5 2. c4 dxc4 3. Nf3 a6 4. e3 Nf6 5. Bxc4 b5 6. Bd3 Bb7 7. a4 b4 8.
Nbd2 e6 9. e4 Nbd7 10. e5 Nd5 11. Nb3 c5 12. O-O cxd4 13. Bg5 Be7 14. Bxe7
Qxe7 15. Re1 Rc8 16. Be4 Nc5 17. Nxc5 Rxc5 18. Qxd4 O-O 19. Rad1 Rfc8 20.
Bd3 Nb6 21. Qxb4 Bxf3 22. gxf3 Nc4 23. Re4 a5 24. Qxc4 Rxc4 25. Bxc4 g6 26.
b3 Qg5+ 27. Kf1 Rc5 28. Rde1 Qd8 29. R1e3 Kg7 30. Ke2 Qb8 31. Kf1 Rc7 32.
Rd3 Rc5 33. Rde3 Rc8 34. Rd3 Rd8 35. Rxd8 Qxd8 36. Kg2 Qg5+ 37. Kf1 Qc1+
38. Kg2 h5 39. h3 Qg5+ 40. Kf1 Kf8 41. Re3 Qf4 42. Kg2 Ke7 43. Re4 Qg5+ 44.
Kh2 Kd7 45. Kh1 Kc6 46. Kh2 Kc5 47. Kh1 Qc1+ 48. Kg2 Kb6 49. Re3 Kc5
1/2-1/2

[Event "XXIV Open"]
[Site "Cappelle La Grande FRA"]
[Date "2008.02.21"]
[Round "7"]
[White "Dervishi,E"]
[Black "Shirazi,K"]
[Result "1-0"]
[WhiteElo "2543"]
[BlackElo "2422"]
[EventDate "2008.02.16"]

1. e4 c5 2. Nf3 Nf6 3. e5 Nd5 4. Nc3 Nb4 5. Ne4 b6 6. c3 Bb7 7. Ng3 Nd5 8.
d4 cxd4 9. Qxd4 e6 10. Bd3 Nc6 11. Qe4 Qc7 12. O-O O-O-O 13. Qe2 Kb8 14. c4
Ndb4 15. Bb1 Na5 16. b3 d6 17. exd6 Bxd6 18. Bb2 Bxf3 19. Qxf3 Be5 20. Qe2
Nbc6 21. Be4 Nd4 22. Bxd4 Rxd4 23. Rad1 Rhd8 24. Rxd4 Rxd4 25. Rd1 f5 26.
Rxd4 Bxd4 27. Bf3 Qd6 28. Nf1 Nb7 29. g3 Nc5 30. Bg2 Kc7 31. Ne3 a5 32. Nc2
Nd3 33. Nxd4 Qxd4 34. h4 Kd6 35. Qf3 Ke7 36. Bf1 Ne5 37. Qb7+ Kf6 38. a3
Ng4 39. Qf3 Qc5 40. Bh3 Ne5 41. Qc3 a4 42. Bf1 axb3 43. Qxb3 Qd4 44. Be2
Nf7 45. Qb5 h6 46. a4 Qe5 47. Kf1 Qe4 48. Qb2+ Kg6 49. Kg1 Ne5 50. Qa2 Nc6
51. Bf1 Nd4 52. Bg2 Qe1+ 53. Kh2 Ne2 54. c5 Qxf2 55. Qxe6+ Kh5 56. Qf7+ g6
57. Qb3 Nd4 58. Qd1+ Ne2 59. Qd3 Nd4 60. Qxd4 1-0

[Event "XXIV Open"]
[Site "Cappelle La Grande FRA"]
[Date "2008.02.21"]
[Round "7"]
[White "Zubarev,Al1"]
[Black "Degraeve,JM"]
[Result "1/2-1/2"]
[WhiteElo "2491"]
[BlackElo "2535"]
[EventDate "2008.02.16"]

1. e4 Nf6 2. e5 Nd5 3. d4 d6 4. Nf3 dxe5 5. Nxe5 c6 6. Be2 Bf5 7. g4 Be6 8.
f4 f6 9. Nd3 Bf7 10. f5 e6 11. fxe6 Bxe6 12. O-O Bd6 13. c4 Ne7 14. Nf4 Bf7
15. Nc3 Ng6 16. Nh5 O-O 17. Ne4 Be7 18. Be3 Nd7 19. Qd2 Re8 20. Nhg3 Bf8
21. Rf2 Nh4 22. Raf1 Bg6 23. Rf4 Bxe4 24. Rxe4 Bd6 25. g5 Bxg3 26. Rxe8+
Qxe8 27. hxg3 Ng6 28. Bg4 Ngf8 29. Bf4 fxg5 30. Bxg5 h6 31. Bf4 Qg6 32. Bd1
Re8 33. Bc2 Qg4 34. Qd3 Nf6 35. Bxh6 Qh5 36. Bf4 Re2 37. Rf2 Re1+ 38. Rf1
Re2 39. Rf2 Re1+ 40. Rf1 Ng4 41. Qd2 1/2-1/2

[Event "XXIV Open"]
[Site "Cappelle La Grande FRA"]
[Date "2008.02.21"]
[Round "7"]
[White "Sokolov,And1"]
[Black "Grabinsky,V"]
[Result "1-0"]
[WhiteElo "2594"]
[BlackElo "2295"]
[EventDate "2008.02.16"]

1. e4 c5 2. Nc3 d6 3. Nf3 Nf6 4. d4 cxd4 5. Nxd4 a6 6. Be2 e6 7. f4 Nc6 8.
Be3 Be7 9. Qd2 Qc7 10. O-O-O Rb8 11. g4 b5 12. g5 Nd7 13. Rhg1 b4 14. Na4
Bb7 15. Nb3 Rc8 16. Bd3 O-O 17. Kb1 Rfe8 18. h4 Bf8 19. Qf2 e5 20. f5 Nd4
21. g6 Nf6 22. Nxd4 exd4 23. Bxd4 Bxe4 24. Bxf6 Bxd3 25. cxd3 gxf6 26.
gxf7+ Kxf7 27. Rc1 Qb7 28. Rxc8 Qxc8 29. Qf3 Re5 30. Qh5+ Ke7 31. Qxh7+ Kd8
32. Qf7 Re8 33. Rc1 Qb8 34. Qxf6+ Be7 35. Qd4 Rf8 36. Nb6 Bf6 37. Qxb4 Rh8
1-0

[Event "XXIV Open"]
[Site "Cappelle La Grande FRA"]
[Date "2008.02.21"]
[Round "7"]
[White "Olszewski,Mi"]
[Black "Burmakin,V"]
[Result "1/2-1/2"]
[WhiteElo "2430"]
[BlackElo "2611"]
[EventDate "2008.02.16"]

1. e4 c6 2. d4 d5 3. e5 Bf5 4. Be3 Qb6 5. Qc1 e6 6. Nd2 c5 7. Ngf3 Nc6 8.
c3 a6 9. Be2 cxd4 10. Nxd4 Nxd4 11. Bxd4 Bc5 12. Nb3 Bxd4 13. Nxd4 Bg6 14.
h4 h6 15. h5 Be4 16. Rh3 Ne7 17. Rg3 Rg8 18. Qd2 O-O-O 19. O-O-O Qc7 20.
Qf4 Nf5 21. Nxf5 Bxf5 22. Qd4 Kb8 23. Bd3 g6 24. hxg6 fxg6 25. Rh1 Bxd3 26.
Rxd3 h5 27. Rf3 Rgf8 28. Rhh3 Qc4 29. Qxc4 1/2-1/2

[Event "XXIV Open"]
[Site "Cappelle La Grande FRA"]
[Date "2008.02.21"]
[Round "7"]
[White "Tissir,M"]
[Black "Sandipan,C"]
[Result "1/2-1/2"]
[WhiteElo "2428"]
[BlackElo "2593"]
[EventDate "2008.02.16"]

1. e4 c5 2. Nf3 e6 3. d4 cxd4 4. Nxd4 Nf6 5. Nc3 d6 6. Be3 a6 7. f3 b5 8.
Qd2 Nbd7 9. g4 b4 10. Nce2 Ne5 11. Ng3 h6 12. h4 d5 13. g5 hxg5 14. hxg5
Rxh1 15. Nxh1 Ng8 16. exd5 Qxd5 17. O-O-O Bb7 18. f4 Ng4 19. Bg1 Rd8 20.
Qe2 Qxa2 21. Nb3 Rxd1+ 22. Qxd1 Bxh1 23. Qxg4 Bd5 24. Bg2 Bxb3 25. Bc6+ Kd8
26. Bb6+ Kc8 27. cxb3 Qxb3 28. f5 Bd6 29. Qe2 Qa2 30. Qd3 Ne7 31. Qxd6 Qc4+
32. Kb1 Qf1+ 33. Ka2 Qc4+ 34. Kb1 Qf1+ 35. Ka2 Qc4+ 36. Kb1 Qxc6 37. Qxe7
Qxb6 38. g6 fxg6 39. fxe6 Qd4 40. Qf8+ Kc7 41. Qf7+ Kb6 42. e7 Qd1+ 1/2-1/2

[Event "XXIV Open"]
[Site "Cappelle La Grande FRA"]
[Date "2008.02.21"]
[Round "7"]
[White "L'Ami,E"]
[Black "Llorente Zaro,A"]
[Result "1-0"]
[WhiteElo "2581"]
[BlackElo "2435"]
[EventDate "2008.02.16"]

1. d4 d6 2. Nf3 Nf6 3. c4 g6 4. Nc3 Bf5 5. Qb3 Qc8 6. g3 Nc6 7. d5 Nd8 8.
Bg2 Bg7 9. O-O O-O 10. Be3 c5 11. a4 Ne4 12. Nxe4 Bxe4 13. Bd2 e6 14. Bh3
Bxf3 15. exf3 f5 16. f4 exd5 17. cxd5 Re8 18. Rfe1 Rxe1+ 19. Rxe1 Qd7 20.
Bf1 a6 21. Bc3 Bf8 22. h4 h5 23. Bc4 Qf7 24. Qb6 Rc8 25. Re3 Qc7 26. Qb3
Rb8 27. a5 Nf7 28. Re6 Kh7 29. Qd1 Nh6 30. Qe2 Rd8 31. Bb3 Qd7 32. Bc2 Rc8
33. Ba4 1-0

[Event "XXIV Open"]
[Site "Cappelle La Grande FRA"]
[Date "2008.02.21"]
[Round "7"]
[White "Roser,K"]
[Black "Belov,Vl"]
[Result "1/2-1/2"]
[WhiteElo "2402"]
[BlackElo "2578"]
[EventDate "2008.02.16"]

1. e4 c6 2. d4 d5 3. Nd2 dxe4 4. Nxe4 Bf5 5. Ng3 Bg6 6. h4 h6 7. Nf3 Nd7 8.
h5 Bh7 9. Bd3 Bxd3 10. Qxd3 e6 11. Bd2 Ngf6 12. O-O-O Be7 13. Ne4 Nxe4 14.
Qxe4 Nf6 15. Qe2 Qd5 16. c4 Qe4 17. Qxe4 Nxe4 18. Be3 Nf6 19. Ne5 Bd6 20.
f3 b5 21. b3 bxc4 22. bxc4 c5 23. Kd2 Rc8 24. Rc1 Ke7 25. Nd3 Rhd8 26. Ke2
cxd4 27. Bxd4 Ba3 28. Bxf6+ Kxf6 29. Rc3 Bd6 30. Rh4 Bc7 31. Rb3 Rb8 32.
Nc5 Rb6 33. Rg4 Be5 34. Nd3 Bd4 35. c5 Rxb3 36. axb3 e5 37. b4 Rb8 38. Rh4
Ke6 39. Rh1 f5 40. Rc1 Kd5 41. c6 Kd6 42. b5 Kc7 43. Nc5 Rxb5 44. Ne6+ Kc8
45. Nxd4 exd4 46. Kd3 Kc7 47. Kxd4 a5 48. Re1 f4 49. Re7+ Kxc6 50. Rxg7
Rxh5 51. Ke4 Rh4 52. Ra7 Kb5 53. Ra8 Kb4 54. Rd8 Rh5 55. Kxf4 a4 56. g4 Ra5
57. Rd6 a3 58. Rxh6 a2 59. Rh1 a1=Q 60. Rxa1 Rxa1 61. g5 Kc5 62. Ke5 Kc6
63. Ke6 Re1+ 64. Kf7 Kd7 65. g6 Re7+ 66. Kf6 Re3 67. g7 Rxf3+ 68. Kg6 Rg3+
69. Kf7 Rxg7+ 70. Kxg7 1/2-1/2

[Event "XXIV Open"]
[Site "Cappelle La Grande FRA"]
[Date "2008.02.21"]
[Round "7"]
[White "Mamedov,Nid"]
[Black "Dzagnidze,N"]
[Result "1-0"]
[WhiteElo "2574"]
[BlackElo "2429"]
[EventDate "2008.02.16"]

1. e4 c5 2. Nf3 e6 3. d4 cxd4 4. Nxd4 a6 5. Bd3 Bc5 6. Nb3 Ba7 7. Qe2 Nc6
8. Be3 Bxe3 9. Qxe3 Nf6 10. Nc3 d6 11. O-O-O e5 12. Rd2 Be6 13. Be2 O-O 14.
Rhd1 Qc7 15. Rxd6 Bxb3 16. axb3 Nd4 17. Rxf6 gxf6 18. Qg3+ Kh8 19. Rxd4 Rg8
20. Rc4 Rxg3 21. Rxc7 Rxg2 22. Nd1 Rxh2 23. Rxf7 h5 24. Rxf6 Kg7 25. Rf5
Rh8 26. Rg5+ Kf8 27. Kd2 h4 28. Bf3 Rh7 29. Ke2 Rf7 30. Ne3 1-0

[Event "XXIV Open"]
[Site "Cappelle La Grande FRA"]
[Date "2008.02.21"]
[Round "7"]
[White "Foisor,O"]
[Black "Brodsky,M"]
[Result "1/2-1/2"]
[WhiteElo "2401"]
[BlackElo "2572"]
[EventDate "2008.02.16"]

1. d4 Nf6 2. c4 e6 3. Nc3 Bb4 4. Qc2 d5 5. cxd5 exd5 6. Bg5 c5 7. e3 O-O 8.
Bd3 h6 9. Bh4 c4 10. Bf5 Bxf5 11. Qxf5 Qd7 12. Qc2 Ne4 13. Nge2 Nc6 14. f3
Nd6 15. O-O Nf5 16. Bf2 Rfe8 17. e4 dxe4 18. Nxe4 b5 19. Rad1 Rac8 20. Kh1
Bd6 21. a3 Bb8 22. d5 Na5 23. N2c3 Nb7 24. Qc1 Nfd6 25. Rfe1 f5 26. Ng3 Nc5
27. Bxc5 Rxc5 28. Nh5 Rxe1+ 29. Rxe1 Qf7 30. Nf4 Rc8 31. Re6 a5 32. Nce2
Qa7 33. Qc3 Ne8 34. Nh5 Bd6 35. Nd4 b4 36. axb4 axb4 37. Qe3 Qa1+ 38. Qe1
Qxe1+ 39. Rxe1 c3 40. bxc3 bxc3 41. Ng3 g6 42. Nc2 Nc7 43. Ne2 Nxd5 44. Rd1
Rc5 45. g3 Be5 46. Kg2 Kf7 47. Nc1 Ra5 48. Kf2 h5 49. f4 Bc7 50. Ke2 Nf6
51. Rd4 Bb6 52. Rb4 Nd5 53. Rc4 Bg1 54. h4 Ra6 55. Kf3 Rb6 56. Nd3 Ke6 57.
Ke2 Ra6 58. Ne5 Kd6 59. Kd3 Bf2 60. Nd4 Bxg3 61. Nxg6 Nxf4+ 62. Nxf4 Bxf4
63. Nxf5+ Ke5 64. Ng7 Rg6 65. Nxh5 Bd2 66. Rc5+ Kd6 67. Rc4 Ke5 68. Rc5+
Kd6 69. Rc4 Ke5 1/2-1/2

[Event "XXIV Open"]
[Site "Cappelle La Grande FRA"]
[Date "2008.02.21"]
[Round "7"]
[White "Saravanan,V1"]
[Black "Aveskulov,V"]
[Result "1/2-1/2"]
[WhiteElo "2379"]
[BlackElo "2532"]
[EventDate "2008.02.16"]

1. Nf3 c5 2. c4 Nc6 3. d4 cxd4 4. Nxd4 e6 5. g3 Qb6 6. Nc2 Bc5 7. e3 Ne5 8.
Be2 Nf6 9. O-O d5 10. b4 Be7 11. c5 Qc7 12. Bb2 O-O 13. Nd2 Rd8 14. Nd4 Ng6
15. f4 a5 16. a3 Bd7 17. Qc2 Bf8 18. f5 Ne7 19. fxe6 fxe6 20. N2f3 axb4 21.
axb4 Rxa1 22. Bxa1 h6 23. Nb5 Bxb5 24. Bxb5 Nf5 25. Qe2 Ne4 26. Be5 Qf7 27.
Bd3 Qh5 28. Kg2 Ra8 29. Ra1 Rxa1 30. Bxa1 Be7 31. Qe1 Bg5 32. Bd4 Bf6 33.
Bxf6 Nxf6 34. e4 Ne7 35. exd5 Qxd5 36. Qe2 Nf5 37. Kg1 Nd4 38. Nxd4 Qxd4+
39. Kg2 Kf8 40. Bc4 e5 41. Qd3 Qxd3 42. Bxd3 Ke7 43. Kf3 Kd7 44. Be4 Kc7
45. b5 b6 46. cxb6+ Kxb6 47. Bc6 Kc5 48. h3 Kb6 49. Ke3 Kc5 50. Kf3 1/2-1/2

[Event "XXIV Open"]
[Site "Cappelle La Grande FRA"]
[Date "2008.02.21"]
[Round "7"]
[White "Luther,T"]
[Black "Zherebukh,Y"]
[Result "1/2-1/2"]
[WhiteElo "2526"]
[BlackElo "2420"]
[EventDate "2008.02.16"]

1. e4 c5 2. Nf3 Nc6 3. d4 cxd4 4. Nxd4 Nf6 5. Nc3 e5 6. Ndb5 d6 7. Bg5 a6
8. Na3 b5 9. Bxf6 gxf6 10. Nd5 f5 11. Bd3 Be6 12. O-O Bxd5 13. exd5 Ne7 14.
c3 Bg7 15. Qh5 e4 16. Bc2 O-O 17. Rae1 Qc8 18. Kh1 Ng6 19. Bb1 Re8 20. Nc2
Nf4 21. Qg5 Nd3 22. Ne3 h6 23. Qxf5 Nxe1 24. Rxe1 Re5 25. Qf4 f5 26. g4
fxg4 27. Nxg4 Rg5 28. Rg1 Qf8 29. Qxe4 Qf7 30. f4 Re8 31. Qd3 Rh5 32. Qg6
Kf8 33. Qxf7+ Kxf7 34. Nf2 Re2 35. Bg6+ Kg8 36. Bxh5 Rxf2 37. Rg6 Rxb2 38.
f5 Rf2 39. Rxd6 Rxf5 40. Bg4 Rf2 41. Rxa6 Bxc3 42. d6 Rd2 43. d7 Kg7 44.
Ra8 Bf6 45. Re8 b4 46. Be6 Bg5 47. Kg1 Bh4 48. Rg8+ Kh7 49. Rg4 Be7 50.
Bf5+ Kh8 51. Re4 Bc5+ 52. Kf1 Kg7 53. Ke1 Rd5 54. Be6 Rd6 55. Ke2 Bd4 56.
Bh3 Bc3 57. Re8 Bf6 58. Be6 Bg5 59. Kf3 Rd4 60. Rb8 Rf4+ 61. Kg3 Rd4 62.
Rg8+ Kh7 63. Re8 Kg6 64. Rf8 Kg7 65. Rf7+ Kg6 66. Rf1 Rd3+ 67. Kg2 Rd4 68.
Rf2 Rd6 69. Bf5+ 1/2-1/2

[Event "XXIV Open"]
[Site "Cappelle La Grande FRA"]
[Date "2008.02.21"]
[Round "7"]
[White "Voekler,B"]
[Black "Kharitonov,Alexandr"]
[Result "1/2-1/2"]
[WhiteElo "2371"]
[BlackElo "2524"]
[EventDate "2008.02.16"]

1. e4 c6 2. d4 d5 3. Nc3 dxe4 4. Nxe4 Bf5 5. Ng3 Bg6 6. h4 h6 7. Nf3 Nd7 8.
h5 Bh7 9. Bd3 Bxd3 10. Qxd3 e6 11. Bf4 Bb4+ 12. c3 Be7 13. O-O-O Ngf6 14.
Kb1 Qa5 15. Ne5 O-O 16. Qe2 Rad8 17. Ng6 Rfe8 18. Nxe7+ Rxe7 19. f3 Ree8
20. Bc1 e5 21. Qc2 exd4 22. Rxd4 Nf8 23. Rxd8 Rxd8 24. Nf5 Ne6 25. g4 Qe5
26. Rg1 Kf8 27. a3 1/2-1/2

[Event "XXIV Open"]
[Site "Cappelle La Grande FRA"]
[Date "2008.02.21"]
[Round "7"]
[White "Zinchenko,Ya"]
[Black "Krivonosov,O"]
[Result "1/2-1/2"]
[WhiteElo "2516"]
[BlackElo "2418"]
[EventDate "2008.02.16"]

1. e4 e5 2. Nf3 Nc6 3. Bb5 Nf6 4. O-O Nxe4 5. d4 Nd6 6. Bxc6 dxc6 7. dxe5
Nf5 8. Qxd8+ Kxd8 9. Nc3 Ne7 10. h3 Ng6 11. Bg5+ Ke8 12. Rad1 Bd7 13. Nd4
h6 14. Be3 Bb4 15. f4 Bxc3 16. bxc3 c5 17. Nf3 b6 18. g4 Bc6 19. Rde1 h5
20. f5 hxg4 21. hxg4 Nh4 22. Nh2 Ng2 23. Re2 Nxe3 24. Rxe3 Rd8 1/2-1/2

[Event "XXIV Open"]
[Site "Cappelle La Grande FRA"]
[Date "2008.02.21"]
[Round "7"]
[White "Bijaoui,M"]
[Black "Moroz,A"]
[Result "0-1"]
[WhiteElo "2365"]
[BlackElo "2512"]
[EventDate "2008.02.16"]

1. e4 c5 2. Nf3 e6 3. d4 cxd4 4. Nxd4 a6 5. Bd3 Qb6 6. Nb3 Qc7 7. O-O Nf6
8. c4 d6 9. Nc3 b6 10. Qe2 Nbd7 11. f4 Bb7 12. Bd2 Be7 13. Rae1 O-O 14. e5
Ne8 15. Kh1 g6 16. Be4 Bxe4 17. Nxe4 Rc8 18. exd6 Nxd6 19. Bb4 Rfe8 20.
Bxd6 Bxd6 21. Nxd6 Qxd6 22. Rd1 Qc6 23. Nd2 Nf6 24. b3 Red8 25. Qe5 Nd7 26.
Qe2 Nc5 27. Nf3 Qe4 28. Rde1 Qxe2 29. Rxe2 Rd6 30. g3 a5 31. Kg2 Rcd8 32.
Rb1 f5 33. Rbb2 Ne4 34. Rbc2 h6 35. Ne5 g5 36. fxg5 hxg5 37. g4 Kg7 38.
gxf5 exf5 39. c5 bxc5 40. Nc4 Ra6 41. Nd2 Nxd2 42. Rexd2 Rxd2+ 43. Rxd2 Kf6
44. Rc2 Rd6 45. Kf3 Rd5 46. h3 Kg6 47. Ke2 Kh5 48. Rc4 f4 49. Ra4 Kh4 50.
Rxa5 Kg3 0-1

[Event "XXIV Open"]
[Site "Cappelle La Grande FRA"]
[Date "2008.02.21"]
[Round "7"]
[White "Devereaux,M"]
[Black "Edouard,R"]
[Result "0-1"]
[WhiteElo "2348"]
[BlackElo "2507"]
[EventDate "2008.02.16"]

1. d4 Nf6 2. c4 e6 3. Nc3 c5 4. d5 exd5 5. cxd5 d6 6. e4 g6 7. Nf3 a6 8.
Qe2 Qe7 9. e5 dxe5 10. Nxe5 Nbd7 11. Bf4 Nh5 12. Nxd7 Qxe2+ 13. Bxe2 Nxf4
14. Nb6 Rb8 15. Bf3 Be7 16. Rd1 Bf5 17. O-O Bd8 18. Rfe1+ Kf8 19. Nc4 Nd3
20. Re2 b5 21. Nd6 c4 22. g4 Bd7 23. b3 Nf4 24. Re4 Nh3+ 25. Kg2 Ng5 26.
bxc4 Bc7 27. Ndxb5 axb5 28. d6 Bd8 29. cxb5 Nxe4 30. Bxe4 Ba5 31. Bc6 Bxc6+
32. bxc6 Bxc3 33. c7 Rc8 34. Rd3 Bf6 35. a4 Be7 0-1

[Event "XXIV Open"]
[Site "Cappelle La Grande FRA"]
[Date "2008.02.21"]
[Round "7"]
[White "Totsky,L"]
[Black "Kanarek,M"]
[Result "0-1"]
[WhiteElo "2498"]
[BlackElo "2348"]
[EventDate "2008.02.16"]

1. e4 c5 2. Nf3 g6 3. Bc4 Bg7 4. O-O Nc6 5. c3 d6 6. Re1 Nf6 7. Bb3 O-O 8.
h3 e5 9. d3 h6 10. Be3 a6 11. Nbd2 b5 12. Nf1 Bb7 13. Ng3 Qc7 14. Bc2 Nd7
15. Qd2 Kh7 16. Rac1 Nb6 17. Bb1 a5 18. b4 Nd8 19. Qe2 Ne6 20. d4 Nc4 21.
bxc5 dxc5 22. Nf5 Nxe3 23. Nxg7 Kxg7 24. Qxe3 f6 25. Bd3 c4 26. Bf1 Rfd8
27. d5 Nc5 28. Nh4 Kh7 29. Rb1 Ba6 30. Red1 Qd6 31. Nf3 Rab8 32. Nh2 Kg7
33. Ng4 Rh8 34. a3 Bc8 35. Nh2 Bd7 36. Rd2 Rhc8 37. Ra2 Nxe4 38. Re1 Ng5
39. f4 Nf7 40. fxe5 Nxe5 41. Rd1 Rc7 42. Rd4 Be8 43. Qg3 Rd8 44. Be2 Qc5
45. Nf1 Rxd5 46. Ne3 Rxd4 47. Nf5+ Kh7 48. cxd4 Qb6 49. Kh1 Nf7 50. Ne3 Qd6
51. Qh4 Bd7 52. a4 bxa4 53. Nxc4 Qe6 54. d5 Qxd5 55. Qxf6 Bxh3 56. Bf1 Rxc4
57. Bxc4 Qxc4 58. Rf2 Bf5 59. g4 Be6 60. Qe7 Qe4+ 61. Kh2 Qe5+ 62. Kg1 Qe1+
0-1

[Event "XXIV Open"]
[Site "Cappelle La Grande FRA"]
[Date "2008.02.21"]
[Round "7"]
[White "Bielczyk,J"]
[Black "Vera Gonzalez Quevedo,R"]
[Result "1/2-1/2"]
[WhiteElo "2326"]
[BlackElo "2495"]
[EventDate "2008.02.16"]

1. e4 c5 2. Nf3 d6 3. d4 Nf6 4. Nc3 cxd4 5. Nxd4 a6 6. f4 e5 7. Nf3 Nbd7 8.
a4 Be7 9. Bd3 O-O 10. O-O exf4 11. Bxf4 Qb6+ 12. Kh1 Qxb2 13. Qe1 Qb6 14.
Bg5 Nc5 15. Qh4 Nxd3 16. cxd3 Qa5 17. e5 Qxc3 18. Rac1 Qb2 19. Rb1 Qc3 20.
Rbc1 Qb2 1/2-1/2